| 000 | 01031nam a2200241 i 4500 | ||
|---|---|---|---|
| 001 | 18635 | ||
| 003 | ES-MaACL | ||
| 005 | 20230906151903.0 | ||
| 007 | t| | ||
| 008 | 011120s2001 sp ||||1| spa d | ||
| 020 | _a84-89913-30-7 | ||
| 080 | _a73.036(460)(064.3) | ||
| 245 | 0 | 0 |
_aRumbos de la escultura española en el siglo XX _b: Fundación Santander Central Hispano, Madrid 2 octubre-18 noviembre 2001 : Centro Atlántico de Arte Moderno, Las Palmas de Gran Canaria 13 diciembre 2001-10 febrero 2002. |
| 260 |
_aLas Palmas de Gran Canaria : _bCentro Atlántico de Arte Moderno ; _a[Madrid] : _bFundación Santander Central Hispano, _c[2001] |
||
| 300 |
_a251 p. : _bil. ; _c30 cm. |
||
| 650 | 4 |
_aEscultura española- _yS.XX- _vExposiciones. _912438 |
|
| 655 | 7 |
_2tgfbne _9193628 _aCatálogos de exposiciones |
|
| 710 | 2 |
_aCentro Atlántico de Arte Moderno. _92569 |
|
| 710 | 2 |
_aFundación Santander Central Hispano. _94415 |
|
| 852 |
_aES-MaACL _jL-25202 _bR.130553 |
||
| 942 | _2udc | ||
| 999 |
_c18635 _d18635 |
||